00644cam a2200193 a 450000100100000000500170001000800410002702000150006802000150008304000290009808200190012710000510014624500880019726000590028530000210034450400330036550400360039865000160043400001546420200929164041.0861029s1983 cau b 001 0 eng  a0884041123 a0884041018 aDO-SdBNPbengcLCdBNPHU a299.936bH875d1 aHubbard, L. Ronq(La Fayette Ron),d1911-1986.14aThe dynamics of life :ban introduction to dianetics discoveries /cL. Ron Hubbard. aLos Angeles, California :bBridge Publications,c1983. a164 p. ;c24 cm. aBibliografías: p. 145-154. aEl ejemplar dos posee tapadura. 4aDianética